| Tag |
First Indicator |
Second Indicator |
Subfields |
| LEADER |
00000cam a2200000 a 4500 |
| 001 |
in00000014685 |
| 005 |
20151007052254.0 |
| 008 |
870918s1987 ja b 00100 eng d |
| 020 |
|
|
|a 4900178063
|
| 035 |
|
|
|a (OCoLC)16707214
|
| 035 |
|
|
|9 AAA7059AM
|
| 040 |
|
|
|a JNA
|c JNA
|d TXA
|d UtOrBLW
|
| 043 |
|
|
|a as-----
|a ae-----
|a a-ja---
|
| 049 |
|
|
|a TXAM
|c [A12582007]
|
| 050 |
|
4 |
|a Z3221
|b .S68 1987
|
| 245 |
0 |
0 |
|a Southeast/East Asian English publications in print, 1987-89.
|
| 250 |
|
|
|a 1st ed.
|
| 264 |
|
1 |
|a Tokyo, Japan :
|b Intercontinental Marketing,
|c [1987]
|
| 264 |
|
4 |
|c ©1987
|
| 300 |
|
|
|a 313 pages ;
|c 26 cm.
|
| 336 |
|
|
|a text
|b txt
|2 rdacontent
|
| 337 |
|
|
|a unmediated
|b n
|2 rdamedia
|
| 338 |
|
|
|a volume
|b nc
|2 rdacarrier
|
| 500 |
|
|
|a Prepared by the Japan Publications Guide Service.
|
| 500 |
|
|
|a Includes indexes.
|
| 651 |
|
0 |
|a Southeast Asia
|v Bibliography.
|
| 651 |
|
0 |
|a East Asia
|x Bibliography.
|
| 650 |
|
0 |
|a English imprints
|z Southeast Asia.
|
| 650 |
|
0 |
|a English imprints
|z Japan.
|
| 710 |
2 |
|
|a Japan Publications Guide Service.
|
| 999 |
|
|
|a MARS
|
| 999 |
f |
f |
|s 9df83c05-de05-3748-8887-09049cfb5813
|i 9379af0a-0e1d-3d8c-a0d4-fa2af97ae733
|t 0
|
| 952 |
f |
f |
|p ric
|a Texas A&M University
|b Rellis Campus
|c Joint Library Facility
|d Remote Storage
|t 0
|e Z322 .S68 1987
|h Library of Congress classification
|i unmediated -- volume
|m A14812582007
|
| 998 |
f |
f |
|a Z322 .S68 1987
|t 0
|l Remote Storage
|